Statistiken für Größte Städte A-Z

Klicken Sie hier um das Quiz zu spielen!

Allgemein

  • Dieses Quiz wurde 100 mal gespielt
  • Das Durchschnittsergebnis liegt bei 8 aus 26

Antwortstatistiken

HintAntwort% Korrekt
TTokio
89%
PPeking
82%
JJakarta
61%
NNeu Delhi
60%
KKairo
53%
BBangkok
51%
SSao Paulo
48%
MManila
47%
IIstanbul
45%
LLagos
43%
GGuangzhou
40%
XXi`an
31%
RRiad
26%
DDhaka
22%
WWuhan
22%
AAhmedabad
16%
CChengdu
13%
HHyderabad
13%
UUlan Bator
8%
FFuzhou
4%
ZZhengzhou
3%
YYangon
2%
OOnitsha
1%
VValencia
1%
EEcatepec de Morales
0%
QQuanzhou
0%

Verteilung der Resultate

Perzentil nach korrekt beantworteten Fragen

Anzahl Personen mit jedem Resultat

Ihre Resultats-Entwicklung

Sie haben dieses Quiz noch nicht gespielt